000 00207 a2200097 4500
001 5101
100 _aHum,.R
245 _aChemistry for Engineering students
260 _a
_bGriffin
_c
090 _c4245
_d4245
942 _aNUST-CAE
_cM
_c30540
999 _c240174
_d240174